000 00721nam a22002057a 4500
003 OSt
005 20230125084814.0
008 220921b |||||||| |||| 00| 0 eng d
040 _cBiblioteca Lado V
082 _a700.74
_bR268s
100 _ecurador
245 _aThe Second Asia-Pacific of Contemporary Art Triennial/
_bBrisbane Australia 1996/
260 _aQueensland Art Gallery
_bAustralia
_c1996
300 _a152p.
_c24x30cm
650 _2Tesauro de Arte & Arquitectura
_aGALERIA
650 _2Tesauro de Arte & Arquitectura
_aEXPOSICIONES
650 _2Tesauro de Arte & Arquitectura
_aARTE
650 _2Tesauro de Arte & Arquitectura
_aBIENNAL
942 _2ddc
_c1
_h700.74
_iR268s
_n0
999 _c2858
_d2858